| 000 | 00671nam a22002297a 4500 | ||
|---|---|---|---|
| 999 |
_c13149 _d13149 |
||
| 003 | AR-CdUCM | ||
| 008 | 190411b ||||| |||| 00| 0 spa d | ||
| 040 |
_aMUNICIPALIDAD PROVINCIAL DEL CUSCO _cBIBLIOTECA MUNICIPAL DEL CUSCO |
||
| 041 | _heng | ||
| 082 |
_a818.5 / _bC16 |
||
| 100 |
_aCaillou, Alan _911243 |
||
| 245 | _aTierra de mujeres / | ||
| 260 |
_aBarcelona : _bBruguera, _c1963. |
||
| 300 |
_a285 páginas ; _c21 cm. |
||
| 505 | _aContenido: Novela. | ||
| 650 |
_aLiteratura Estadounidense _931137 |
||
| 650 |
_aSiglo XX _98 |
||
| 650 |
_aNovela _95 |
||
| 700 |
_aPiñeiro, Jaime (traducción) _912338 |
||
| 942 |
_2ddc _cLIBROS |
||
| 945 |
_aachl _d2019-04-11 |
||